| 000 | 00624nam a22001817a 4500 | ||
|---|---|---|---|
| 005 | 20250114165002.0 | ||
| 010 | _aENG-143405 | ||
| 020 |
_a9789354099113 _c1125.00 |
||
| 035 | _aEN-126937 | ||
| 037 | _bDBAD | ||
| 082 | _a658.110954 | ||
| 100 |
_aModī, Narendra _976565 |
||
| 245 |
_aSabka Saath Sabka Vikas Sabka Vishwas: _cBy Narendra Modī _bPrime Minister Narendra Modi Speaks (June 2021-May 2022)/ |
||
| 260 |
_aNew Delhi _bPublications Division _c2023 |
||
| 270 |
_aSoochana Bhawan, CGO complex, Lodhi Road _bNew Delhi _e110003 |
||
| 300 |
_a664p. _c25cm(hb) |
||
| 942 |
_2ddc _cEN _h658.110954 _mSAB |
||
| 999 |
_c208489 _d208489 |
||